[Event "DVM U14 2022"]
[Site "Kelheim GER"]
[Date "2022.12.29"]
[Round "5"]
[White "Weinberger, Maxim"]
[Black "Wollscheid, Leon"]
[Result "1/2-1/2"]
[Termination "normal"]
[Board "10.3"]
[WhiteElo "1148"]
[BlackElo "1123"]
[WhiteClock "00:34:01"]
[BlackClock "00:08:51"]
[WhiteTeam "SK Kelheim 1920"]
[BlackTeam "SF Birkenfeld"]
[PlyCount "114"]
[WhiteFideId "16290330"]
[BlackFideId "34640363"]
[EventCountry "GER"]
[EventRounds "7"]
[EventType "team-swiss"]
[EventDate "2022.12.26"]

1. e4 {[%clk 01:30:59]} d5 {[%clk 01:30:59]} {[%emt 00:00:01]} 2. exd5 {[%clk
01:31:20]} {[%emt 00:00:09]} Qxd5 {[%clk 01:31:27]} {[%emt 00:00:02]} 3. Nc3
{[%clk 01:31:27]} {[%emt 00:00:23]} Qa5 {[%clk 01:31:56]} 4. d4 {[%clk
01:31:20]} {[%emt 00:00:37]} Nf6 {[%clk 01:32:17]} {[%emt 00:00:09]} 5. Nf3
{[%clk 01:31:17]} {[%emt 00:00:33]} Bg4 {[%clk 01:32:35]} {[%emt 00:00:12]} 6.
h3 {[%clk 01:31:01]} {[%emt 00:00:46]} Bh5 {[%clk 01:32:02]} {[%emt 00:01:02]}
7. g4 {[%clk 01:30:03]} {[%emt 00:01:29]} Bg6 {[%clk 01:32:04]} {[%emt
00:00:27]} 8. Bd2 {[%clk 01:29:58]} {[%emt 00:00:35]} c6 {[%clk 01:30:30]}
{[%emt 00:02:05]} 9. Bg2 {[%clk 01:28:20]} {[%emt 00:02:07]} Nbd7 {[%clk
01:29:45]} {[%emt 00:01:16]} 10. Qe2 {[%clk 01:28:00]} {[%emt 00:00:49]} O-O-O
{[%clk 01:29:26]} {[%emt 00:00:48]} 11. O-O-O {[%clk 01:28:12]} {[%emt
00:00:19]} e6 {[%clk 01:28:32]} {[%emt 00:01:24]} 12. Nh4 {[%clk 01:27:21]}
{[%emt 00:01:21]} Be7 {[%clk 01:25:40]} {[%emt 00:03:22]} 13. f4 {[%clk
01:26:23]} {[%emt 00:01:29]} Rhe8 {[%clk 01:24:29]} {[%emt 00:01:40]} 14. Rhf1
{[%clk 01:19:30]} {[%emt 00:07:23]} h6 {[%clk 01:14:44]} {[%emt 00:10:15]} 15.
f5 {[%clk 01:18:24]} {[%emt 00:01:36]} exf5 {[%clk 01:14:48]} {[%emt 00:00:26]}
16. Nxf5 {[%clk 01:16:55]} {[%emt 00:01:59]} Bxf5 {[%clk 01:12:21]} {[%emt
00:02:57]} 17. Rxf5 {[%clk 01:16:17]} {[%emt 00:01:08]} Qb6 {[%clk 01:10:55]}
{[%emt 00:01:56]} 18. Qc4 {[%clk 01:14:05]} {[%emt 00:02:42]} g6 {[%clk
01:08:49]} {[%emt 00:02:36]} 19. Rb5 {[%clk 01:13:29]} {[%emt 00:01:06]} Qc7
{[%clk 01:08:06]} {[%emt 00:01:13]} 20. Rb3 {[%clk 01:12:53]} {[%emt 00:01:06]}
g5 {[%clk 00:58:29]} {[%emt 00:10:06]} 21. d5 {[%clk 01:11:10]} {[%emt
00:02:14]} Nb6 {[%clk 00:57:21]} {[%emt 00:01:39]} 22. Qd3 {[%clk 01:05:02]}
{[%emt 00:06:38]} Nbxd5 {[%clk 00:55:07]} {[%emt 00:02:44]} 23. Nxd5 {[%clk
01:05:05]} {[%emt 00:00:27]} Nxd5 {[%clk 00:54:57]} {[%emt 00:00:39]} 24. Qf5
{[%clk 01:05:15]} {[%emt 00:00:20]} Qd7 {[%clk 00:53:28]} {[%emt 00:01:59]} 25.
Qxf7 {[%clk 01:04:36]} {[%emt 00:01:09]} Rf8 {[%clk 00:43:36]} {[%emt
00:10:23]} 26. Qg6 {[%clk 01:02:59]} {[%emt 00:02:06]} Bc5 {[%clk 00:42:12]}
{[%emt 00:01:54]} 27. Rd3 {[%clk 00:54:43]} {[%emt 00:08:46]} Rf6 {[%clk
00:37:38]} {[%emt 00:05:03]} 28. Qxf6 {[%clk 00:53:28]} {[%emt 00:01:46]} Nxf6
{[%clk 00:37:58]} {[%emt 00:00:10]} 29. Rxd7 {[%clk 00:53:53]} {[%emt
00:00:05]} Rxd7 {[%clk 00:37:14]} {[%emt 00:01:14]} 30. Bf3 {[%clk 00:53:23]}
{[%emt 00:01:01]} Rg7 {[%clk 00:34:39]} {[%emt 00:03:04]} 31. Bc3 {[%clk
00:53:30]} {[%emt 00:00:23]} Be3 {[%clk 00:33:09]} {[%emt 00:02:00]} 32. Kb1
{[%clk 00:53:46]} {[%emt 00:00:14]} Rf7 {[%clk 00:31:48]} {[%emt 00:01:51]} 33.
Re1 {[%clk 00:51:55]} {[%emt 00:02:21]} Bb6 {[%clk 00:29:47]} {[%emt 00:02:31]}
34. Re6 {[%clk 00:51:01]} {[%emt 00:01:24]} Nd5 {[%clk 00:23:30]} {[%emt
00:06:45]} 35. Bxd5 {[%clk 00:50:58]} {[%emt 00:00:35]} cxd5 {[%clk 00:23:18]}
{[%emt 00:00:42]} 36. Rf6 {[%clk 00:50:20]} {[%emt 00:01:07]} Rh7 {[%clk
00:20:57]} {[%emt 00:02:51]} 37. Rd6 {[%clk 00:48:35]} {[%emt 00:02:16]} Rf7
{[%clk 00:21:03]} {[%emt 00:00:24]} 38. a3 {[%clk 00:48:40]} {[%emt 00:00:25]}
Rd7 {[%clk 00:19:15]} {[%emt 00:02:17]} 39. Rxh6 {[%clk 00:48:48]} {[%emt
00:00:23]} d4 {[%clk 00:17:27]} {[%emt 00:02:18]} 40. Bd2 {[%clk 00:48:35]}
{[%emt 00:00:43]} Rg7 {[%clk 00:16:12]} {[%emt 00:01:44]} 41. h4 {[%clk
00:45:26]} {[%emt 00:03:39]} gxh4 {[%clk 00:15:53]} {[%emt 00:00:50]} 42. Rxh4
{[%clk 00:45:29]} {[%emt 00:00:28]} Bd8 {[%clk 00:15:50]} {[%emt 00:00:32]} 43.
g5 {[%clk 00:45:40]} {[%emt 00:00:19]} Bxg5 {[%clk 00:15:36]} {[%emt 00:00:44]}
44. Bxg5 {[%clk 00:46:03]} {[%emt 00:00:07]} Rxg5 {[%clk 00:15:59]} {[%emt
00:00:07]} 45. Rxd4 {[%clk 00:46:27]} {[%emt 00:00:07]} Rg1 {[%clk 00:15:43]}
{[%emt 00:00:46]} 46. Ka2 {[%clk 00:46:47]} {[%emt 00:00:09]} Rg2 {[%clk
00:15:56]} {[%emt 00:00:17]} 47. c4 {[%clk 00:46:19]} {[%emt 00:00:59]} Kc7
{[%clk 00:15:44]} {[%emt 00:00:42]} 48. a4 {[%clk 00:45:27]} {[%emt 00:01:22]}
a5 {[%clk 00:15:08]} {[%emt 00:01:05]} 49. Rd3 {[%clk 00:44:23]} {[%emt
00:01:34]} Rc2 {[%clk 00:14:14]} {[%emt 00:01:23]} 50. Kb3 {[%clk 00:44:13]}
{[%emt 00:00:41]} Rc1 {[%clk 00:13:58]} {[%emt 00:00:46]} 51. Rc3 {[%clk
00:44:18]} {[%emt 00:00:25]} Ra1 {[%clk 00:11:12]} {[%emt 00:03:16]} 52. Rd3
{[%clk 00:42:20]} {[%emt 00:02:28]} Rc1 {[%clk 00:09:41]} {[%emt 00:02:00]} 53.
Rd5 {[%clk 00:39:46]} {[%emt 00:03:06]} b6 {[%clk 00:09:18]} {[%emt 00:00:53]}
54. Rd2 {[%clk 00:34:25]} {[%emt 00:05:50]} Kc6 {[%clk 00:09:02]} {[%emt
00:00:46]} 55. Rd5 {[%clk 00:33:24]} {[%emt 00:01:31]} Kc7 {[%clk 00:08:43]}
{[%emt 00:00:49]} 56. Rb5 {[%clk 00:33:43]} {[%emt 00:00:11]} Kc6 {[%clk
00:08:58]} {[%emt 00:00:13]} 57. c5 {[%clk 00:34:01]} {[%emt 00:00:15]} Rxc5
{[%clk 00:08:51]} {[%emt 00:00:36]} 1/2-1/2

[Event "DVM U14 2022"]
[Site "Kelheim GER"]
[Date "2022.12.29"]
[Round "5"]
[White "Didas, Fynn"]
[Black "Dauerer, Leonhard"]
[Result "1-0"]
[Termination "normal"]
[Board "10.4"]
[WhiteElo "1217"]
[BlackElo "1069"]
[WhiteClock "00:26:10"]
[BlackClock "01:22:58"]
[WhiteTeam "SF Birkenfeld"]
[BlackTeam "SK Kelheim 1920"]
[PlyCount "111"]
[WhiteFideId "34640231"]
[BlackFideId "34640223"]
[EventCountry "GER"]
[EventRounds "7"]
[EventType "team-swiss"]
[EventDate "2022.12.26"]

1. e4 {[%clk 01:30:59]} {[%emt 00:00:01]} e5 {[%clk 01:30:54]} {[%emt
00:00:07]} 2. Nf3 {[%clk 01:31:21]} {[%emt 00:00:07]} Nc6 {[%clk 01:31:16]}
{[%emt 00:00:08]} 3. Bc4 {[%clk 01:31:42]} {[%emt 00:00:09]} Nf6 {[%clk
01:31:38]} {[%emt 00:00:07]} 4. d3 {[%clk 01:32:07]} {[%emt 00:00:05]} Bc5
{[%clk 01:31:49]} {[%emt 00:00:19]} 5. c3 {[%clk 01:32:32]} {[%emt 00:00:06]}
d6 {[%clk 01:31:52]} {[%emt 00:00:27]} 6. O-O {[%clk 01:32:51]} {[%emt
00:00:11]} O-O {[%clk 01:31:37]} {[%emt 00:00:45]} 7. a4 {[%clk 01:33:15]}
{[%emt 00:00:07]} h6 {[%clk 01:31:52]} {[%emt 00:00:14]} 8. b4 {[%clk
01:33:37]} {[%emt 00:00:09]} Bxb4 {[%clk 01:31:05]} {[%emt 00:01:17]} 9. cxb4
{[%clk 01:33:59]} {[%emt 00:00:08]} Nxb4 {[%clk 01:31:20]} {[%emt 00:00:14]}
10. Nc3 {[%clk 01:33:17]} {[%emt 00:01:12]} Bg4 {[%clk 01:29:33]} {[%emt
00:02:17]} 11. Rb1 {[%clk 01:25:47]} {[%emt 00:08:01]} a5 {[%clk 01:29:30]}
{[%emt 00:00:33]} 12. Re1 {[%clk 01:20:41]} {[%emt 00:05:35]} b6 {[%clk
01:25:51]} {[%emt 00:04:09]} 13. Re3 {[%clk 01:15:26]} {[%emt 00:05:45]} Nc6
{[%clk 01:23:51]} {[%emt 00:02:29]} 14. h3 {[%clk 01:06:27]} {[%emt 00:09:30]}
Bh5 {[%clk 01:19:21]} {[%emt 00:04:59]} 15. Ne2 {[%clk 00:56:58]} {[%emt
00:10:00]} Qc8 {[%clk 01:13:00]} {[%emt 00:06:49]} 16. Ng3 {[%clk 00:48:27]}
{[%emt 00:09:03]} Nd4 {[%clk 01:07:00]} {[%emt 00:06:30]} 17. Nxh5 {[%clk
00:46:49]} {[%emt 00:02:07]} Nxh5 {[%clk 01:06:13]} {[%emt 00:01:17]} 18. Nxd4
{[%clk 00:46:32]} {[%emt 00:00:47]} exd4 {[%emt 00:00:46]} 19. Rf3 {[%clk
00:43:45]} {[%emt 00:03:13]} Qd8 {[%clk 01:05:56]} {[%emt 00:00:36]} 20. Qb3
{[%clk 00:40:39]} {[%emt 00:03:36]} Nf6 {[%clk 01:04:33]} {[%emt 00:01:53]} 21.
Rg3 {[%clk 00:23:46]} {[%emt 00:17:23]} g5 {[%clk 01:02:48]} {[%emt 00:02:13]}
22. Rf3 {[%clk 00:20:37]} {[%emt 00:03:41]} Qe7 {[%clk 01:02:53]} {[%emt
00:00:25]} 23. Bb2 {[%clk 00:16:39]} {[%emt 00:04:28]} Nh5 {[%clk 01:02:14]}
{[%emt 00:01:08]} 24. Bxd4 {[%clk 00:15:05]} {[%emt 00:02:04]} Nf4 {[%clk
01:02:13]} {[%emt 00:00:31]} 25. Kf1 {[%clk 00:13:10]} {[%emt 00:02:25]} Ne6
{[%clk 01:02:13]} {[%emt 00:00:30]} 26. Bxe6 {[%clk 00:12:34]} {[%emt
00:01:07]} Qxe6 {[%clk 01:02:31]} {[%emt 00:00:12]} 27. Qxe6 {[%clk 00:12:35]}
{[%emt 00:00:28]} fxe6 {[%clk 01:02:56]} {[%emt 00:00:06]} 28. Rg3 {[%clk
00:10:40]} {[%emt 00:02:25]} e5 {[%clk 01:03:06]} {[%emt 00:00:20]} 29. Bc3
{[%clk 00:10:36]} {[%emt 00:00:28]} Rf7 {[%clk 01:02:01]} {[%emt 00:01:41]} 30.
Rb2 {[%clk 00:09:27]} {[%emt 00:01:39]} Kg7 {[%clk 01:02:01]} {[%emt 00:00:29]}
31. h4 {[%clk 00:09:36]} {[%emt 00:00:21]} Kg6 {[%clk 01:01:56]} {[%emt
00:00:34]} 32. hxg5 {[%clk 00:09:56]} {[%emt 00:00:11]} hxg5 {[%clk 01:02:08]}
{[%emt 00:00:18]} 33. Bd2 {[%clk 00:10:18]} {[%emt 00:00:08]} Rh7 {[%clk
01:01:43]} {[%emt 00:00:54]} 34. Rxg5 {[%clk 00:10:38]} {[%emt 00:00:11]} Kf6
{[%clk 01:01:25]} {[%emt 00:00:48]} 35. Rf5 {[%clk 00:10:59]} {[%emt 00:00:09]}
Kg6 {[%clk 01:00:11]} {[%emt 00:01:44]} 36. Ke2 {[%clk 00:10:48]} {[%emt
00:00:41]} Rf7 {[%clk 00:59:43]} {[%emt 00:00:57]} 37. Rxf7 {[%clk 00:11:09]}
{[%emt 00:00:10]} Kxf7 {[%emt 00:00:14]} 38. Rc2 {[%clk 00:09:59]} {[%emt
00:01:39]} Rc8 {[%clk 01:00:05]} {[%emt 00:00:25]} 39. f3 {[%clk 00:09:08]}
{[%emt 00:01:21]} Ke6 {[%clk 00:58:16]} {[%emt 00:02:18]} 40. g4 {[%clk
00:08:57]} {[%emt 00:00:42]} Kd7 {[%clk 00:58:09]} {[%emt 00:00:37]} 41. Rc1
{[%clk 00:08:29]} {[%emt 00:00:59]} Rh8 {[%clk 00:58:11]} {[%emt 00:00:26]} 42.
Rg1 {[%clk 00:07:15]} {[%emt 00:01:35]} Ke6 {[%clk 00:56:55]} {[%emt 00:01:55]}
43. Ke3 {[%clk 00:02:32]} {[%emt 00:05:14]} Rf8 {[%clk 00:57:03]} {[%emt
00:00:22]} 44. Rh1 {[%clk 00:29:57]} {[%emt 00:03:05]} Rf7 {[%clk 01:26:43]}
{[%emt 00:00:50]} 45. Rh5 {[%clk 00:27:52]} {[%emt 00:02:35]} Ke7 {[%clk
01:23:38]} {[%emt 00:03:35]} 46. Kf2 {[%clk 00:25:55]} {[%emt 00:02:27]} Kf6
{[%clk 01:23:23]} {[%emt 00:00:45]} 47. Rf5 {[%clk 00:26:08]} {[%emt 00:00:17]}
Kg6 {[%clk 01:23:33]} {[%emt 00:00:21]} 48. Rxf7 {[%clk 00:26:28]} {[%emt
00:00:09]} Kxf7 {[%clk 01:23:51]} {[%emt 00:00:12]} 49. Kg3 {[%clk 00:26:27]}
{[%emt 00:00:31]} Kg6 {[%clk 01:23:53]} {[%emt 00:00:29]} 50. Kh4 {[%clk
00:26:33]} {[%emt 00:00:24]} c6 {[%clk 01:22:13]} {[%emt 00:02:09]} 51. g5
{[%clk 00:26:28]} {[%emt 00:00:34]} Kg7 {[%clk 01:21:53]} {[%emt 00:00:50]} 52.
Kh5 {[%clk 00:26:49]} {[%emt 00:00:10]} Kh7 {[%clk 01:22:14]} {[%emt 00:00:09]}
53. g6 {[%clk 00:26:56]} {[%emt 00:00:23]} Kg7 {[%clk 01:22:33]} {[%emt
00:00:11]} 54. Bh6 {[%clk 00:27:09]} {[%emt 00:00:17]} Kg8 {[%clk 01:22:51]}
{[%emt 00:00:11]} 55. f4 {[%clk 00:25:46]} {[%emt 00:01:54]} exf4 {[%clk
01:22:58]} {[%emt 00:00:22]} 56. Bxf4 {[%clk 00:26:10]} {[%emt 00:00:06]} 1-0